Pistyan den... Holzfloss auf der Wag

Zobrazenie: Pohľad v bielom orámovaní na pltníkov na rieke Váh. V pozadí je drevený most a na ňom stojí niekoľko ľudí. V pravej časti po celej výške pohľadnice sa nachádza biely rámček na správu

Podrobná bibliografia
Médium: Pohľadnica
Jazyk:nemčina
Fyzický popis:1 pohľadnica čiernobiela 9 x 15 cm
Vydavateľské údaje: [Slovensko?] [vydavateľ neznámy] [1889?]
Predmet:

MARC

LEADER 00000nkm a2200000 a 4500
001 vtls011824459
003 SK-MaSNL
005 20260512123023.0
007 kp bo
008 230706q1889 xo g kuger
015 |a SNBG1889 
035 |a urn:nbn:sk:snk-km00dqbd 
035 |a urn:nbn:sk:snk-km3lx2o 
035 |a CF978A5F-FE8E-4284-9A56-5E600A8A2C68 
040 |a SNK  |b slo  |c SNK  |e AACR2 
041 0 |a ger 
043 |a e-xo--- 
044 |a xo  |c SK 
072 7 |a 913  |x Regionálna geografia  |2 konspekt 
080 |a 913(437.6)  |2 2011 
080 |a 626.74  |2 2011 
080 |a 624.21-035.3  |2 2011 
080 |a 556.53  |2 2011 
080 |a (282.243)  |2 2011 
080 |a 94(084.121)  |2 2011 
245 0 0 |a Pistyan den...  |h grafika  |b Holzfloss auf der Wag 
260 |a [Slovensko?]  |b [vydavateľ neznámy]  |c [1889?] 
300 |a 1 pohľadnica  |b čiernobiela  |c 9 x 15 cm 
500 |a Názvové údaje prevzaté z obrazovej časti pohľadnice 
520 8 |a Zobrazenie: Pohľad v bielom orámovaní na pltníkov na rieke Váh. V pozadí je drevený most a na ňom stojí niekoľko ľudí. V pravej časti po celej výške pohľadnice sa nachádza biely rámček na správu 
650 0 7 |a pltníctvo  |2 SNKPH  |9 31496 
650 0 7 |a drevené mosty  |2 SNKPH  |9 115470 
650 0 7 |a rieky  |2 SNKPH  |9 29644 
651 7 |a Váh (Slovensko : rieka)  |2 SNKPHgeo  |9 59387 
651 7 |a Piešťany (Slovensko)  |2 SNKPHgeo  |9 23981 
655 7 |a miestne pohľadnice  |2 SNKPH  |9 70510 
655 7 |a historické pohľadnice  |2 SNKPH  |9 159703 
852 |a Slovenská národná knižnica 
958 |a GBN 
958 |a GC 
958 |a ONDV 
999 |c 687170  |d 689100 
952 |a SNK  |b SNK  |y PREZ  |7 0  |p 17A1289077  |o snkSP 118631  |z Pohľadnica prešla poštou.  |0 0  |1 0  |4 0  |d 2018-11-21  |f 1  |l 0  |r 2026-02-23 20:16:06  |w 2026-02-23